Estatísticas para Todos os jogadores campeões da Copa do Mundo!

Clique aqui para jogar o quiz

Estatísticas Gerais

  • Esse quiz foi jogado 257 vezes
  • A pontuação média é 112 de 486

Estatísticas das Respostas

AnoPaísPosiçãoJogador% Correto
1962BrasilATPelé
90%
1958BrasilATPelé
90%
1970BrasilATPelé
90%
1986ArgentinaMCDiego Maradona
86%
1994BrasilATRonaldo
86%
2002BrasilATRonaldo
86%
2018FrançaATKylian Mbappé
85%
1974Alemanha OcidentalATGerd Muller
84%
1994BrasilATRomário
84%
1994BrasilATMuller
83%
2002BrasilATRonaldinho
83%
2014AlemanhaATThomas Müller
83%
1994BrasilDFCafu
82%
2002BrasilDFCafu
82%
2010EspanhaDFAndrés Iniesta
81%
2002BrasilDFRoberto Carlos
81%
2014AlemanhaGManuel Neuer
80%
2002BrasilGMarcos
80%
1998FrançaMCZinedine Zidane
80%
1958BrasilATGarrincha
79%
1962BrasilMCGarrincha
79%
2006ItáliaGGianluigi Buffon
78%
2002BrasilMCRivaldo
78%
1994BrasilGClaudio Taffarel
77%
2002BrasilGDida
77%
1958BrasilATDida
77%
2018FrançaGHugo Lloris
77%
2018FrançaMCPaul Pogba
74%
2010EspanhaGIker Casillas
73%
2002BrasilATKaká
73%
2018FrançaATOlivier Giroud
73%
2018FrançaATAntoine Griezmann
72%
1994BrasilATBebeto
72%
2002BrasilDFLúcio
72%
2018FrançaMCN'Golo Kanté
72%
2010EspanhaDFSergio Ramos
72%
2010EspanhaATDavid Villa
71%
2002BrasilDFRogério Ceni
71%
2010EspanhaDFGerard Piqué
70%
2014AlemanhaATMiroslav Klose
70%
2006ItáliaDFFabio Cannavaro
67%
2018FrançaDFRaphaël Varane
67%
2010EspanhaDFCarles Puyol
65%
2014AlemanhaDFJérôme Boateng
64%
2018FrançaDFBenjamin Pavard
63%
2010EspanhaMCXavi Hernández
63%
2010EspanhaATFernando Torres
62%
2014AlemanhaATMario Götze
62%
1958BrasilATMário Zagallo
62%
1970BrasilDTMário Zagallo
62%
1962BrasilATMário Zagallo
62%
2014AlemanhaDFPhillipp Lahm
62%
2014AlemanhaMCToni Kroos
62%
2006ItáliaATAndrea Pirlo
61%
1994BrasilMCDunga
61%
2014AlemanhaDFMatts Hummels
61%
1970BrasilDFCarlos Alberto Torres
60%
1998FrançaATThierry Henry
60%
2018FrançaDFLucas Hernandez
58%
2002BrasilDFEdmílson
57%
2002BrasilMCGilberto Silva
57%
2010EspanhaMCSergio Busquets
57%
1990Alemanha OcidentalDTFranz Beckenbauer
56%
1974Alemanha OcidentalDFFranz Beckenbauer
56%
2002BrasilDFRoque Júnior
56%
2010EspanhaMCXabi Alonso
56%
2002BrasilMCDenílson
55%
1958BrasilDFMauro Ramos
54%
1962BrasilDFMauro Ramos
54%
1994BrasilATPaulo Sérgio
54%
2014AlemanhaMCSami Khedira
54%
1978ArgentinaMCRicardo Villa
53%
2018FrançaDTDidier Deschamps
52%
1998FrançaMCDidier Deschamps
52%
2006ItáliaATFrancesco Totti
52%
1970BrasilMCRivellino
52%
1994BrasilDFBranco
51%
2006ItáliaMCDaniele De Rossi
51%
2002BrasilMCKléberson
51%
2014AlemanhaMCMesut Özil
51%
2002BrasilATVampeta
51%
2006ItáliaATAlessandro Del Piero
49%
1958BrasilMCDidi
49%
1962BrasilMCDidi
49%
1962BrasilATJair
48%
2002BrasilDTLuiz Felipe Scolari
48%
2018FrançaATOusmane Dembélé
48%
2014AlemanhaATAndré Schürrle
47%
2002BrasilATEdílson
47%
1982ItáliaATPaolo Rossi
47%
2018FrançaMCBlaise Matuidi
46%
1958BrasilDFNílton Santos
46%
1962BrasilDFNílton Santos
46%
2014AlemanhaMCBastian Schweinsteiger
45%
2010EspanhaMCDavid Silva
44%
1970BrasilGÉmerson Leão
44%
2006ItáliaMCGennaro Gattuso
44%
1970BrasilMCTostão
44%
1970BrasilMCGerson
43%
2002BrasilMCJúnior
43%
2010EspanhaGVictor Valdés
43%
1994BrasilMCZinho
43%
2014AlemanhaDTJoachim Löw
42%
2006ItáliaDFMarco Materazzi
42%
1994BrasilMCMauro Silva
42%
2018FrançaDFPresnel Kimpembe
42%
1962BrasilATVavá
42%
1958BrasilATVavá
42%
2006ItáliaATLuca Toni
41%
2006ItáliaDFAlessandro Nesta
40%
1994BrasilDTCarlos Alberto Parreira
40%
1998FrançaGFabien Barthez
40%
1970BrasilATJairzinho
40%
1990Alemanha OcidentalMCLothar Matthäus
40%
2002BrasilATLuizão
40%
2018FrançaGSteve Mandanda
40%
1994BrasilGGilmar
38%
1962BrasilGGilmar
38%
1958BrasilGGilmar
38%
1998FrançaDFLilian Thuram
38%
2014AlemanhaATLukas Podolski
38%
1994BrasilMCRaí
38%
1962BrasilDFDjalma Santos
36%
1958BrasilDFDjalma Santos
36%
2006ItáliaMCGianluca Zambrotta
36%
1998FrançaMCPatrick Vieira
36%
1970BrasilGFélix
35%
2006ItáliaATFilippo Inzaghi
35%
1994BrasilDFMárcio Santos
35%
1978ArgentinaATMario Kempes
35%
2002BrasilMCRicardinho
35%
1966InglaterraMCBobby Charlton
34%
1994BrasilMCMazinho
34%
1994BrasilDFAldair
33%
1958BrasilDFBellini
33%
1962BrasilDFBellini
33%
1966InglaterraDFBobby Moore
33%
2010EspanhaDFJoan Capdevilla
33%
1962BrasilATPepe
33%
1958BrasilATPepe
33%
1994BrasilGZetti
33%
1962BrasilMCZito
33%
1958BrasilMCZito
33%
2018FrançaGAlphonse Aréola
32%
2010EspanhaMCCesc Fàbregas
32%
1998FrançaMCEmmanuel Petit
32%
1998FrançaDFMarcel Desailly
32%
2010EspanhaGPepe Reina
32%
2010EspanhaDTVicente Del Bosque
32%
1998FrançaATDavid Trezeguet
31%
1966InglaterraGGordon Banks
31%
1994BrasilMCLeonardo
31%
2002BrasilMCAnderson Polga
30%
1966InglaterraDFJack Charlton
30%
1994BrasilDFJorginho
30%
2002BrasilMCJuliano Belletti
30%
2002BrasilATJuninho Paulista
30%
1994BrasilDFRicardo Rocha
30%
2014AlemanhaDFBenedikt Howedes
29%
2006ItáliaDFFabio Grosso
29%
1982ItáliaDFFranco Baresi
29%
2018FrançaMCBenjamin Mendy
28%
1954Alemanha OcidentalMCKarl Mai
28%
2006ItáliaMCMauro Camoranesi
28%
1970BrasilMCClodoaldo
27%
1962BrasilATCoutinho
27%
1978ArgentinaDFDaniel Passarella
27%
1986ArgentinaDFDaniel Passarella
27%
1982ItáliaGDino Zoff
27%
1998FrançaDFLaurent Blanc
27%
1978ArgentinaMCNorberto Alonso
27%
2014AlemanhaDFPer Mertesacker
27%
2014AlemanhaGRoman Weidenfeller
26%
1994BrasilATViola
26%
2010EspanhaDFÁlvaro Arbeloa
25%
1962BrasilATAmarildo
25%
1970BrasilATDadá Maravilha
25%
2010EspanhaATJesús Navas
25%
1990Alemanha OcidentalATJürgen Klinsmann
25%
2018FrançaMCNabil Fékir
25%
1970BrasilMCPiazza
25%
2006ItáliaATAlberto Gilardino
24%
2010EspanhaMCJuan Mata
24%
2010EspanhaATPedro Rodríguez
24%
2018FrançaMCCorentin Tolisso
23%
1934ItáliaATGiuseppe Meazza
23%
1938ItáliaATGiuseppe Meazza
23%
2014AlemanhaMCJulian Draxler
23%
1998FrançaMCRobert Pirès
23%
1994BrasilDFRonaldão
22%
1990Alemanha OcidentalATRudi Völler
22%
1970BrasilDFBrito
21%
2018FrançaATFlorian Thauvin
21%
2006ItáliaDTMarcelo Lippi
21%
2010EspanhaDFRaúl Albiol
21%
1958BrasilDTVicente Feola
21%
2018FrançaDFAdil Rami
20%
1966InglaterraMCAlan Ball
20%
1970BrasilDFEveraldo
20%
2018FrançaMCSteven Nzonzi
20%
1958BrasilDFZózimo
20%
1962BrasilDFZózimo
20%
1950UruguaiATAlcides Ghiggia
19%
1998FrançaDFBixente Lizarazu
19%
1962BrasilGCastilho
19%
1958BrasilGCastilho
19%
2010EspanhaMCJavi Martínez
19%
1958BrasilATMazzola
19%
2018FrançaMCThomas Lemar
19%
2014AlemanhaDFMatthias Ginter
18%
1970BrasilATPaulo César Caju
18%
2014AlemanhaMCChristoph Kramer
17%
2018FrançaDFDjibril Sidibé
17%
1950UruguaiATJulio Pérez
17%
2018FrançaDFSamuel Umititi
17%
2006ItáliaMCSimone Perotta
17%
1950UruguaiDFWilliam Martinez
17%
1986ArgentinaATJorge Burruchaga
16%
1958BrasilDFOrlando
16%
2014AlemanhaDFShkodran Mustafi
16%
1998FrançaMCYouri Djorkaeff
16%
1962BrasilDTAymoré Moreira
15%
1970BrasilMCEdu
15%
1950UruguaiMCJuan Carlos González
15%
1950UruguaiDTJuan López
15%
2006ItáliaDFMassimo Oddo
15%
1950UruguaiDFMatías González
15%
2006ItáliaDFAndrea Barzagli
14%
1930UruguaiMCJosé Andrade
14%
1930UruguaiMCLorenzo Fernández
14%
2014AlemanhaGRob-Robert Zieler
14%
1966InglaterraATRoger Hunt
14%
1974Alemanha OcidentalGSepp Maier
14%
1950UruguaiMCVictor Andrade
14%
2006ItáliaATVincenzo Iaquinta
14%
1970BrasilGAdo
13%
1990Alemanha OcidentalGBodo Illgner
13%
1998FrançaMCChristian Karembeu
13%
1954Alemanha OcidentalATFritz Walter
13%
1966InglaterraATGeoff Hurst
13%
1962BrasilMCJair Marinho
13%
1954Alemanha OcidentalATOttmar Walter
13%
1930UruguaiATPedro Cea
13%
1990Alemanha OcidentalATAndreas Möller
12%
2006ItáliaGAngelo Peruzzi
12%
1970BrasilDFBaldochi
12%
1982ItáliaATBruno Conti
12%
2010EspanhaDFCarlos Marchena
12%
2006ItáliaDFCristian Zaccardo
12%
2010EspanhaATFernando Llorente
12%
1990Alemanha OcidentalATFrank Mill
12%
1986ArgentinaDFJosé Luis Brown
12%
2014AlemanhaDFKevin Grosskreutz
12%
2006ItáliaGMarco Amelia
12%
1962BrasilMCMengálvio
12%
1998FrançaATStéphane Guivarc'h
12%
1958BrasilMCDino Sani
11%
2014AlemanhaDFErik Durm
11%
1998FrançaDFFrank Leboeuf
11%
1938ItáliaMCGiovanni Ferrari
11%
1970BrasilDFMarco Antônio
11%
1970BrasilMCZé Maria
11%
1998FrançaDTAimé Jacquet
10%
1962BrasilDFAltair
10%
1990Alemanha OcidentalGAndreas Köpke
10%
1998FrançaATChristophe Dugarry
10%
1958BrasilDFDe Sordi
10%
1930UruguaiDFDomingo Tejera
10%
1930UruguaiGEnrique Ballesteros
10%
1950UruguaiDFEusebio Tejera
10%
1982ItáliaATFrancesco Graziani
10%
1966InglaterraGGeorge Cohen
10%
1958BrasilATJoel
10%
1970BrasilDFJoel Camargo
10%
1958BrasilMCMoacir
10%
1966InglaterraMCNobby Stiles
10%
1966InglaterraDFRay Wilson
10%
1990Alemanha OcidentalMCThomas Hassler
10%
1998FrançaDFVincent Candela
10%
1962BrasilMCZequinha
10%
1998FrançaMCAlain Boghossian
9%
1966InglaterraDTAlf Ramsey
9%
1930UruguaiMCÁlvaro Gestido
9%
1998FrançaGBernard Lama
9%
1930UruguaiDFEmilio Recoba
9%
1970BrasilDFFontana
9%
1934ItáliaMCGiovanni Ferrara
9%
1990Alemanha OcidentalATKarl-Heinz Riedle
9%
1934ItáliaMCLuis Monti
9%
1950UruguaiMCObdulio Varela
9%
1990Alemanha OcidentalATOlaf Thon
9%
1958BrasilDFOreco
9%
1930UruguaiATPablo Dorado
9%
1930UruguaiATPeregrino Anselmo
9%
1970BrasilATRoberto Miranda
9%
1986ArgentinaDFSergio Batista
9%
2006ItáliaMCSimone Barone
9%
1978ArgentinaGUbaldo Fillol
9%
1934ItáliaMCAttilio Ferraris
8%
1966InglaterraATGeorge Eastham
8%
1966InglaterraATIan Callaghan
8%
1950UruguaiATJuan Schiaffino
8%
1962BrasilDFJurandir
8%
1998FrançaGLionel Charbonnier
8%
1938ItáliaATPietro Ferraris
8%
1930UruguaiATSantos Iriarte
8%
1998FrançaMCBernard Diomède
7%
1982ItáliaATDaniele Massaro
7%
1930UruguaiATHector Castro
7%
1974Alemanha OcidentalATJupp Heynckes
7%
1978ArgentinaDFLuis Galvan
7%
1982ItáliaDFPietro Vierchowod
7%
1978ArgentinaMCRubén Galván
7%
1986ArgentinaATSergio Almirón
7%
1938ItáliaGAldo Olivieri
6%
1990Alemanha OcidentalDFAndreas Brehme
6%
1974Alemanha OcidentalDFBerti Vogts
6%
1986ArgentinaMCHéctor Enrique
6%
1982ItáliaMCMarco Tardelli
6%
1986ArgentinaGNery Pumpido
6%
1986ArgentinaDFOscar Ruggeri
6%
1982ItáliaDFAntonio Cabrini
5%
1954Alemanha OcidentalATHelmut Rahn
5%
1986ArgentinaATJorge Valdano
5%
1990Alemanha OcidentalDFJurgen Kohler
5%
1950UruguaiGRoque Máspoli
5%
1938ItáliaATSilvio Piola
5%
1978ArgentinaDFAlberto Tarantini
4%
1978ArgentinaDTCésar Menotti
4%
1950UruguaiATErnesto Vidal
4%
1982ItáliaDFGaetano Scirea
4%
1934ItáliaGGiampiero Combi
4%
1990Alemanha OcidentalDFGuido Buchwald
4%
1930UruguaiATHéctor Scarone
4%
1966InglaterraATJimmy Greaves
4%
1930UruguaiDFJosé Nasazzi
4%
1990Alemanha OcidentalDFKlaus Augenthaler
4%
1978ArgentinaATLeopoldo Luque
4%
1966InglaterraMCMartin Peters
4%
1978ArgentinaMCOsvaldo Ardiles
4%
1974Alemanha OcidentalDFPaul Breitner
4%
1990Alemanha OcidentalMCPierre Littbarski
4%
1938ItáliaDFPietro Rava
4%
1938ItáliaMCUgo Locatelli
4%
1990Alemanha OcidentalMCUwe Bein
4%
1930UruguaiDTAlberto Supicci
3%
1982ItáliaATAlessandro Altobelli
3%
1938ItáliaDFAlfredo Foni
3%
1986ArgentinaDTCarlos Bilardo
3%
1982ItáliaDFClaudio Gentile
3%
1930UruguaiMCConduelo Píriz
3%
1978ArgentinaMCDaniel Bertoni
3%
1982ItáliaDFFulvio Colovatti
3%
1982ItáliaMCGabriele Oriali
3%
1982ItáliaMCGiancarlo Antognoni
3%
1978ArgentinaDFJorge Olguín
3%
1986ArgentinaMCJulio Olarticoechea
3%
1986ArgentinaGLuis Islas
3%
1938ItáliaMCMichele Andreolo
3%
1950UruguaiATÓscar Míguez
3%
1978ArgentinaATOscar Ortiz
3%
1930UruguaiATPedro Petrone
3%
1934ItáliaATRaimondo Orsi
3%
1978ArgentinaATRené Houseman
3%
1986ArgentinaMCRicardo Giusti
3%
1950UruguaiATRubén Morán
3%
1950UruguaiMCSchubert Gambetta
3%
1938ItáliaATSergio Bertoni
3%
1990Alemanha OcidentalDFStefan Reuter
3%
1934ItáliaDTVittorio Pozzo
3%
1938ItáliaDTVittorio Pozzo
3%
1974Alemanha OcidentalMCWolfgang Overath
3%
1978ArgentinaMCAmérico Gallego
2%
1930UruguaiMCÁngel Melogno
2%
1934ItáliaATAngelo Schiavio
2%
1950UruguaiGAnibal Paz
2%
1974Alemanha OcidentalATBernd Hölzenbein
2%
1930UruguaiMCCarlos Riolfo
2%
1950UruguaiMCCarlos Romero
2%
1986ArgentinaATCarlos Tapia
2%
1986ArgentinaATClaudio Borghi
2%
1934ItáliaATEnrico Guaita
2%
1982ItáliaDTEnzo Bearzot
2%
1938ItáliaDFEraldo Monzeglio
2%
1934ItáliaDFEraldo Monzeglio
2%
1930UruguaiDFErnesto Mascheroni
2%
1938ItáliaATGino Colaussi
2%
1982ItáliaDFGiuseppe Bergomi
2%
1982ItáliaMCGiuseppe Dossena
2%
1938ItáliaGGuido Masetti
2%
1934ItáliaGGuido Masetti
2%
1990Alemanha OcidentalATGünter Hermann
2%
1974Alemanha OcidentalMCGünter Netzer
2%
1954Alemanha OcidentalDFHans Bauer
2%
1974Alemanha OcidentalDFHans-Georg Schwarzenbeck
2%
1954Alemanha OcidentalMCHans Schäfer
2%
1950UruguaiDFHector Vilches
2%
1974Alemanha OcidentalDTHelmut Schön
2%
1966InglaterraDFJimmy Armfield
2%
1966InglaterraATJohn Connelly
2%
1986ArgentinaDFJosé Luis Cuciuffo
2%
1930UruguaiMCJuan Calvo
2%
1950UruguaiATJulio Cesar Britos
2%
1974Alemanha OcidentalATJürgen Grabowski
2%
1934ItáliaDFLuigi Allemandi
2%
1934ItáliaMCLuigi Bertolini
2%
1950UruguaiATLuis Alberto Rijo
2%
1954Alemanha OcidentalATMax Morlock
2%
1930UruguaiGMiguel Capuccini
2%
1938ItáliaMCPietro Serantoni
2%
1974Alemanha OcidentalMCRainer Bonhof
2%
1986ArgentinaMCRicardo Bochini
2%
1954Alemanha OcidentalATRichard Herrmann
2%
1966InglaterraGRob Springett
2%
1950UruguaiMCRodolfo Pini
2%
1966InglaterraMCRon Flowers
2%
1930UruguaiATSantos Urdinarán
2%
1966InglaterraATTerry Paine
2%
1990Alemanha OcidentalDFThomas Berthold
2%
1974Alemanha OcidentalATUli Hoeness
2%
1934ItáliaDFUmberto Caligaris
2%
1934ItáliaDFVirginio Rosetta
2%
1930UruguaiATZoilo Saldombide
2%
1938ItáliaMCAldo Donati
1%
1954Alemanha OcidentalMCAlfred Pfaff
1%
1938ItáliaMCAmedeo Biavati
1%
1934ItáliaMCArmando Castelazzi
1%
1934ItáliaATAttilio Demaría
1%
1974Alemanha OcidentalMCBernhard Cullmann
1%
1954Alemanha OcidentalATBerni Klodt
1%
1938ItáliaMCBruno Chizzo
1%
1938ItáliaGCarlo Ceresoli
1%
1978ArgentinaDFDaniel Killer
1%
1978ArgentinaMCDaniel Valencia
1%
1974Alemanha OcidentalATDieter Herzog
1%
1934ItáliaATFelice Borel
1%
1934ItáliaMCFiló Guarisi
1%
1982ItáliaMCFranco Causio
1%
1982ItáliaATFranco Selvaggi
1%
1966InglaterraDFGerry Byrne
1%
1982ItáliaMCGiampiero Marini
1%
1982ItáliaGGiovanni Galli
1%
1934ItáliaGGiuseppe Cavanna
1%
1990Alemanha OcidentalMCHans Pflügler
1%
1978ArgentinaGHector Baley
1%
1986ArgentinaGHector Zelada
1%
1974Alemanha OcidentalMCHeinz Flohe
1%
1954Alemanha OcidentalGHeinz Kubsch
1%
1954Alemanha OcidentalGHeinz Kwiatkowski
1%
1974Alemanha OcidentalDFHelmutt Kremers
1%
1954Alemanha OcidentalDFHerbert Erhardt
1%
1974Alemanha OcidentalMCHerbert Wimmer
1%
1954Alemanha OcidentalMCHorst Eckel
1%
1974Alemanha OcidentalDFHorst Höttges
1%
1982ItáliaGIvano Bordon
1%
1954Alemanha OcidentalDFJosef Posipal
1%
1950UruguaiATJuan Burgueño
1%
1974Alemanha OcidentalMCJupp Kappelmann
1%
1986ArgentinaATMarcelo Trobbiani
1%
1938ItáliaMCMario Genta
1%
1938ItáliaMCMario Perazzolo
1%
1934ItáliaMCMario Pizziolo
1%
1934ItáliaMCMario Varglien
1%
1978ArgentinaMCMiguel Oviedo
1%
1986ArgentinaDFNéstor Clausen
1%
1974Alemanha OcidentalGNorbert Nigbur
1%
1966InglaterraDFNorman Hunter
1%
1978ArgentinaMCOmar Larrosa
1%
1986ArgentinaDFOscar Garré
1%
1954Alemanha OcidentalMCPaul Mebus
1%
1990Alemanha OcidentalMCPaul Steiner
1%
1986ArgentinaATPedro Pasculli
1%
1966InglaterraGPeter Bonetti
1%
1938ItáliaMCPiero Pasinati
1%
1934ItáliaATPietro Arcari
1%
1990Alemanha OcidentalGRaimond Aumann
1%
1938ItáliaMCRenato Olmi
1%
1978ArgentinaGRicardo Lavolpe
1%
1978ArgentinaDFRubén Pagnanini
1%
1954Alemanha OcidentalDTSepp Herberger
1%
1954Alemanha OcidentalGToni Turek
1%
1954Alemanha OcidentalATUlrich Biesinger
1%
1950UruguaiMCWashington Ortuno
1%
1954Alemanha OcidentalDFWerner Kohlmeyer
1%
1954Alemanha OcidentalDFWerner Liebrich
1%
1974Alemanha OcidentalGWolfgang Kleff
1%

Distribuição das Pontuações

Percentil de Números Respondidos

Porcentagem de Pessoas com Cada Pontuação

Sua Pontuação Histórica

Você não jogou esse quiz